[Event "US-ch Open 2018"]
[Site "Saint Louis"]
[Date "2018.04.28"]
[Round "10"]
[White "Lenderman, Aleksandr"]
[Black "Xiong, Jeffery"]
[Result "0-1"]
[WhiteElo "2599"]
[BlackElo "2665"]
[Annotator "TA"]
[PlyCount "95"]
[EventDate "2018.??.??"]
[EventType "tourn"]
[EventCountry "USA"]
[SourceTitle "playchess.com"]
[Source "ChessBase"]
[SourceQuality "1"]

{[%evp 10,95,56,68,44,62,44,47,81,27,29,29,28,29,34,34,58,53,57,18,14,11,20,20,20,16,10,0,0,0,0,-30,-33,-21,-23,-35,-18,-31,-14,-16,-13,-117,0,-26,0,-110,-9,-44,-34,-24,-25,-23,0,-49,-47,-72,0,-16,-9,-165,-162,-174,-174,-160,-162,-445,-338,-560,-515,-461,-470,-526,0,0,0,-883,0,-1072,-957,-29965,-29966,-762,-29972,-29972,-29972,-29972,-29972,-29973]} 1. c4 e5 2. g3 c6 3. d4 e4 4. d5 (4. Nc3 d5 5. f3 exf3 6. Nxf3 Nf6 7. Bg5 dxc4 8. e4 Bg4 9. e5 h6 10. Bxf6 gxf6 11. Bxc4 {½-½ (73) Ponkratov,P (2613)-Navara,D (2740) Katowice 2017}) 4... Bb4+ 5. Bd2 e3 6. fxe3 {LiveBook: 3 Games. A20: English Opening: 1...e5} Bxd2+ 7. Qxd2 cxd5 $146 ({Predecessor:} 7... Nf6 8. Nc3 O-O 9. d6 Re8 10. Bh3 Qb6 11. Nf3 {1-0 (22) Melkumyan,H (2632)-Tari,A (2383) Helsingor 2013}) 8. cxd5 {White is slightly better.} Nf6 9. Nc3 (9. d6 $16) 9... d6 $11 10. Bg2 O-O 11. Nf3 Bf5 12. Qd4 Re8 13. Nd2 Nbd7 14. e4 Bg6 15. O-O a6 16. a4 {[%cal Ba2a4,Ba4a5][%mdl 32]} Rc8 17. a5 Ne5 18. b4 h5 19. h3 Re7 20. Rac1 Rec7 21. Na2 Rc2 22. Rxc2 Rxc2 23. Nc1 Qd7 {[%mdl 1024] Black has compensation.} 24. Ncb3 Qb5 25. Re1 (25. Na1 $11 Ra2 26. Re1) 25... Ra2 (25... Nc4 $1 $17 26. Qd3 Nxd2 $3 {[%mdl 512]} 27. Qxc2 Ndxe4 28. Bxe4 Nxe4) 26. Nc1 Rc2 (26... Ra3 $11) 27. Ncb3 $17 Kh7 (27... Nc4 $1 $17 28. Qd3 Nxd2 $3 {[%mdl 512]} 29. Qxc2 Ndxe4 30. Qc8+ Kh7 31. Bxe4 Nxe4) 28. Bf1 Nc4 29. e3 $1 {[%cal Rd2c4] [#]} Nxd2 $1 {[%mdl 512]} 30. Nxd2 (30. Bxb5 $2 {loses.} Nf3+ 31. Kf1 Nxe4 $19) 30... Qe8 {[%cal Rf6e4]} 31. Bg2 Kg8 32. Rf1 Qb5 ({Black should try} 32... Qc8 $17) 33. Rf2 Qa4 34. Nc4 $2 (34. Bf3 $11 {and White has nothing to worry.}) 34... Rxf2 $1 $19 35. Kxf2 Qc2+ ({Weaker is} 35... Qxb4 36. Nxd6 Qxa5 37. e5 $16) 36. Nd2 {[#]} Bxe4 $1 {[%mdl 512]} 37. Bxe4 $2 {[#]} (37. Bf1 {was necessary.}) 37... Qxd2+ $1 38. Qxd2 $2 (38. Kf3 Qh2 39. Bf5) 38... Nxe4+ 39. Ke2 Nxd2 40. Kxd2 {[%mdl 4096] Endgame [#] KP-KP} f5 $2 (40... Kh7 $1 $19 {[%cal Rh7g6]} 41. Kd3 Kg6) 41. Kd3 $11 Kf7 42. Kd4 $2 {[%mdl 8192]} (42. h4 $11) 42... Kf6 $2 ({Better is} 42... Kg6 $19 {...Kg5 is the strong threat.} 43. b5 Kg5) 43. b5 $2 {[%mdl 8192]} (43. h4 $11) 43... Kg5 $19 44. e4 fxe4 45. bxa6 bxa6 46. Kxe4 {Black mates.} g6 47. Ke3 Kf5 48. Kd4 {Precision: White = 34%, Black = 67%.} 0-1

[Event "US-ch Open 2018"]
[Site "Saint Louis"]
[Date "2018.04.28"]
[Round "10"]
[White "Liang, Awonder"]
[Black "Izoria, Zviad"]
[Result "1-0"]
[WhiteElo "2552"]
[BlackElo "2599"]
[Annotator "TA"]
[PlyCount "133"]
[EventDate "2018.??.??"]
[EventType "tourn"]
[EventCountry "USA"]
[SourceTitle "playchess.com"]
[Source "ChessBase"]
[SourceQuality "1"]

{[%evp 16,133,15,0,17,6,1,0,0,6,12,-41,-23,-16,0,-35,-30,-19,0,0,0,0,53,42,37,0,17,12,12,12,10,4,16,0,46,10,12,12,12,12,14,0,13,0,0,-115,-110,-98,0,0,0,0,0,0,0,0,145,141,131,138,138,138,138,138,218,220,226,204,250,241,386,389,327,334,1013,995,1019,939,848,312,312,312,312,312,312,312,1258,189,175,189,1313,1024,1358,313,2149,1754,6102,5097,2447,1575,1495,1450,1343,1102,29974,314,29974,29975,29977,29977,29977,29960,6866,6207,29980,29981,29979,29980,29982,29983]} 1. e4 e5 2. Nf3 Nc6 3. Bb5 Nf6 4. d3 Bc5 5. Bxc6 dxc6 6. Qe2 {C65: Ruy Lopez: Berlin Defence (3...Nf6), unusual lines and 4 0-0 Bc5} (6. O-O Qe7 7. h3 Rg8 8. Kh1 Nh5 9. c3 g5 10. Nxe5 g4 11. d4 Bd6 12. g3 Bxe5 13. dxe5 Qxe5 {0-1 (27) Aronian,L (2794)-Kramnik,V (2800) Berlin 2018}) 6... Qe7 7. Nbd2 Bg4 8. h3 Bh5 9. a3 {LiveBook: 3 Games} a5 10. Nf1 Nd7 11. Ne3 $146 ({Predecessor:} 11. g4 Bg6 12. Ng3 f6 13. Be3 b6 {½-½ (29) Petrosian,T (2589)-Hovhannisyan,R (2626) Yerevan 2016}) 11... Bxe3 12. Bxe3 c5 13. Qd2 (13. g4 $11 Bg6 14. Nd2) 13... Bxf3 14. gxf3 f5 {Hoping for ...f4.} 15. Qc3 f4 16. Bd2 Qe6 17. b4 b6 18. bxc5 bxc5 (18... Nxc5 $11 19. d4 Nd7) 19. Ke2 a4 20. Rab1 Kf7 21. h4 g6 22. Rb7 Rhc8 23. Rhb1 Ra6 24. R1b5 Ke7 25. Qb2 Qc6 26. Ba5 Kd6 27. Qc3 Ke7 28. Rb1 h6 29. R7b5 Rca8 {...Qd6 is the strong threat.} 30. Rxc5 (30. Qe1 $11) 30... Nxc5 $17 (30... Qxc5 $2 {too greedy.} 31. Bb4 $18) 31. Bb4 Kf7 ({Better is} 31... Kd7 $17 32. Bxc5 Rb6 $1 {[%mdl 512]}) 32. Bxc5 $11 Ra5 33. Qc4+ Qe6 34. Rb7 Qxc4 35. Rxc7+ Ke8 (35... Ke6 $11 {keeps the balance.} 36. dxc4 R5a6) 36. dxc4 $16 {[%mdl 4096] Endgame KRR-KRB} R5a6 37. Re7+ Kd8 38. Rxe5 Rc6 39. c3 Rb8 (39... Rac8 $16 40. Bb4 Rxc4) 40. Bb4 $1 $18 Rb7 41. Rd5+ Rd7 42. Kd3 h5 (42... Ke8 $142 43. Kd4 Rd8) 43. e5 g5 44. hxg5 Rxd5+ $2 (44... h4) 45. cxd5 {[%cal Bc4d5,Bd5d6][%mdl 32] KR-KB} Rg6 46. Ke4 h4 47. Kxf4 $2 (47. Kf5 Rg7 48. Kg4 (48. Kxf4 h3 $16)) 47... h3 {[#] Threatens to win with ...h2.} 48. Kg3 $1 Rxg5+ 49. Kxh3 Rxe5 {[#]} 50. d6 $1 Re2 $2 (50... Rg5 51. f4 Rg1) 51. Kg2 $2 (51. Kg3 Kd7 52. f4) 51... Kd7 52. f4 Ke6 $2 (52... Re8 53. Kf3 Rb8) 53. Kg3 Re1 54. Kf3 $2 (54. c4 Rg1+ 55. Kf3) 54... Rc1 $2 (54... Rb1 55. Ke4 Kd7) 55. Ke2 Rc2+ 56. Ke3 Rc1 57. Kd2 Rh1 {[#]} 58. f5+ $1 {[%cal Bf4f5,Bf5f6,Bf6f7][%mdl 32]} Kd7 (58... Kxf5 59. d7) 59. Ke3 Rh4 60. f3 $2 (60. f4 {mates} Rh8 61. c4 Rc8 62. c5 Rf8 63. Ke4 Kc6 64. Ke5 Re8+ 65. Kf6) 60... Kd8 $2 (60... Rc4 $18 61. f4 Rc8) 61. f4 Rh1 62. Kd4 Kd7 63. f6 Ke6 64. Kc5 Kd7 65. Kd5 {White mates.} Rh5+ 66. Ke4 Ke6 {[#]} 67. f7 $1 {Precision: White = 50%, Black = 35%.} 1-0

[Event "US-ch Open 2018"]
[Site "Saint Louis"]
[Date "2018.04.29"]
[Round "11"]
[White "Caruana, Fabiano"]
[Black "Onischuk, Alexander"]
[Result "1-0"]
[WhiteElo "2804"]
[BlackElo "2672"]
[Annotator "TA"]
[PlyCount "57"]
[EventDate "2018.??.??"]
[EventType "tourn"]
[EventCountry "USA"]
[SourceTitle "playchess.com"]
[Source "ChessBase"]
[SourceQuality "1"]

{[%evp 19,57,25,18,25,25,25,66,16,17,11,50,64,97,96,88,72,63,61,52,44,55,53,67,45,85,59,74,91,78,56,120,120,111,110,137,177,158,145,226,244]} 1. e4 e5 2. Nf3 Nc6 3. Bb5 a6 4. Ba4 Nf6 5. O-O b5 6. Bb3 Bb7 7. d3 Be7 8. Re1 O-O 9. a4 Re8 10. Nbd2 Bf8 11. Nf1 {C88: Closed Ruy Lopez: Anti-Marshall Systems} (11. c3 Na5 12. Bc2 c5 13. d4 exd4 14. cxd4 d5 15. e5 Ne4 16. axb5 axb5 17. Nxe4 dxe4 18. Rxe4 Nb3 19. Rxa8 Bxa8 20. Ng5 Nxc1 21. Qh5 h6 22. Qxf7+ Kh8 23. Rg4 Qa5 24. h4 {1-0 (24) Anand,V (2762)-Svidler,P (2757) Moscow 2016}) 11... Na5 12. Ba2 d5 {[%cal Rd5e4]} 13. axb5 {White is slightly better.} axb5 14. exd5 Bxd5 15. Bg5 Bxa2 $146 ({Predecessor:} 15... Nc6 16. Bxf6 gxf6 17. Bxd5 Qxd5 18. Qe2 Qe6 {1-0 (98) Achermann,J (2203)-Donzellotti,G (2213) ICCF email 2010}) 16. Rxa2 e4 17. Bxf6 Qxf6 18. Rxe4 Rxe4 19. dxe4 {[%cal Bd3e4,Be4e5][%mdl 32] Strongly threatening Ne3.} Rd8 20. Qe2 Nc4 21. c3 Bc5 22. Ra1 g6 23. e5 $36 {[%mdl 2048] White is in control.} Qc6 24. Ng3 Re8 ({Black should play} 24... Qd5 $14) 25. b3 $16 Nb6 26. Ra5 Bf8 27. Qxb5 {White is clearly better.} Qxb5 28. Rxb5 Ra8 (28... Nd7 $16 29. Rd5 Nb6) 29. h4 {Precision: White = 64%, Black = 24%.} 1-0

[Event "US-ch Open 2018"]
[Site "Saint Louis"]
[Date "2018.04.29"]
[Round "11"]
[White "So, Wesley"]
[Black "Nakamura, Hikaru"]
[Result "1/2-1/2"]
[WhiteElo "2786"]
[BlackElo "2787"]
[Annotator "TA"]
[PlyCount "60"]
[EventDate "2018.??.??"]
[EventType "tourn"]
[EventCountry "USA"]
[SourceTitle "playchess.com"]
[Source "ChessBase"]
[SourceQuality "1"]

{[%evp 22,60,0,0,0,0,0,0,0,0,0,0,0,0,0,0,0,0,0,0,0,0,0,0,0,0,0,0,0,0,0,0,0,0,0,0,0,0,0,0,0]} 1. d4 Nf6 2. c4 e6 3. Nc3 Bb4 4. Qc2 O-O 5. e4 d5 6. e5 Ne4 7. Bd3 c5 8. Nf3 {E32: Nimzo-Indian: Classical (4 Qc2): 4...0-0} cxd4 9. Nxd4 Nd7 10. Bf4 Qh4 11. g3 Qh5 12. O-O {LiveBook: 45 Games. The position is equal.} g5 13. cxd5 Bxc3 (13... Nxc3 14. dxe6 gxf4 15. exd7 Bxd7 16. bxc3 {½-½ (44) Li,C (2720)-Ni,H (2674) China 2017}) 14. bxc3 exd5 15. Bxe4 dxe4 16. e6 $146 gxf4 17. exd7 Bxd7 18. Qxe4 fxg3 19. fxg3 b6 20. Nf5 {[#] And now Ne7+ would win.} Rae8 21. Qd5 Bxf5 $1 ({But not} 21... Re2 $2 {[#]} 22. Ne7+ $1 {[%mdl 512]} Rxe7 23. Qxh5 $18) 22. Rxf5 Qh6 23. Raf1 $40 {[%cal Rf5f7][%mdl 128] Black needs to defend precisely.} Qe3+ 24. R1f2 {[%cal Rf5f7]} Qe1+ 25. Kg2 {aiming for Rg5+.} Qe4+ 26. Kh3 Qxd5 27. Rxd5 Re7 28. Rg5+ Kh8 29. a4 Re3 30. Rgf5 Kg7 {Precision: White = 84%, Black = 100%.} 1/2-1/2

[Event "US-ch Open 2018"]
[Site "Saint Louis"]
[Date "2018.04.29"]
[Round "11"]
[White "Shankland, Samuel"]
[Black "Liang, Awonder"]
[Result "1-0"]
[WhiteElo "2671"]
[BlackElo "2552"]
[Annotator "TA"]
[PlyCount "85"]
[EventDate "2018.??.??"]
[EventType "tourn"]
[EventCountry "USA"]
[SourceTitle "playchess.com"]
[Source "ChessBase"]
[SourceQuality "1"]

{[%evp 13,85,17,20,22,45,31,44,35,50,23,66,52,74,65,59,66,73,52,63,51,61,71,82,68,171,148,186,186,195,190,202,210,194,200,287,287,341,334,317,312,308,309,417,316,332,327,338,343,356,341,335,353,354,341,325,318,311,311,461,468,431,377,361,356,334,307,377,389,372,348,490,487,544,538]} 1. e4 c6 2. d4 d5 3. exd5 cxd5 4. Bd3 Nc6 5. c3 Nf6 6. Bf4 Bg4 7. Qb3 e5 {LiveBook: 6 Games. B13: Caro-Kann: Exchange Variation and Panov-Botvinnik Attack} 8. h3 {[%cal Bh2h3,Bh3g4,Bg4g5][%mdl 32]} exf4 9. hxg4 Qe7+ {White is slightly better.} 10. Kf1 O-O-O $146 ({Predecessor:} 10... Ne4 11. Qc2 O-O-O 12. Nd2 Re8 13. Bxe4 dxe4 14. Re1 f5 15. gxf5 {1-0 (25) Demchenko,A (2671)-Yurtseven,M (2415) Lisbon 2018}) 11. Nd2 {Black must now prevent Re1.} g6 12. Re1 Qc7 13. g5 Nh5 {[%cal Bf6h5,Bh5g7,Bg7e6][%mdl 32]} 14. Be2 $36 {[%mdl 2048] White has good play.} Ng7 15. Ngf3 Ne6 16. Bb5 Bg7 17. Qa4 Rd6 18. Nb3 {[%cal Bd2b3,Bb3c1,Bc1d3,Bd3b4][%mdl 32]} b6 (18... a6 $14) 19. Nc1 Nb8 20. Nd3 Kb7 {[#] Black wants to play ...a6.} 21. Nb4 $1 Qd8 22. Ne5 Qc7 23. Qb3 Rhd8 (23... Bxe5 $142 24. Rxe5 (24. Nxd5 Qd8 $18) 24... Qd8 25. Nxd5 a6) 24. Rxh7 $18 a6 25. Bd3 Ka7 26. Qa4 {[%cal Rd3a6]} a5 27. Bb5 Kb7 28. Nbd3 Rg8 29. Nf3 Rh8 30. Rxh8 Bxh8 31. a3 Nc6 32. Bxc6+ Rxc6 33. Nde5 Bxe5 34. Nxe5 Rd6 35. Qe8 Rd8 (35... Nxg5 $142 36. Nxf7 Qc4+ 37. Kg1 Nxf7) 36. Qxf7 Nxg5 37. Qxc7+ Kxc7 38. Nxg6 {KRN-KRN} f3 39. Nf4 Kc6 40. gxf3 Nxf3 41. Re6+ Kb5 (41... Rd6 {was necessary.} 42. Rxd6+ Kxd6) 42. Ke2 Ng1+ 43. Kd3 {Precision: White = 90%, Black = 40%.} 1-0

[Event "US-ch Open 2018"]
[Site "Saint Louis"]
[Date "2018.04.29"]
[Round "11"]
[White "Xiong, Jeffery"]
[Black "Robson, Ray"]
[Result "0-1"]
[WhiteElo "2665"]
[BlackElo "2660"]
[Annotator "TA"]
[PlyCount "74"]
[EventDate "2018.??.??"]
[EventType "tourn"]
[EventCountry "USA"]
[SourceTitle "playchess.com"]
[Source "ChessBase"]
[SourceQuality "1"]

{[%evp 18,74,8,24,30,22,37,0,34,22,12,17,8,0,1,4,29,16,106,92,133,86,119,-24,-18,-11,-6,-26,-8,-43,0,0,0,0,0,0,0,0,0,0,0,-56,-65,-66,-68,-65,-69,-68,-58,-58,-58,-58,-68,-65,-73,-929,-920,-907,-880]} 1. e4 e5 2. Nf3 Nc6 3. Bc4 Bc5 4. c3 Nf6 5. d3 d6 6. a4 {C54: Giuoco Piano: 4 c3 Nf6, main lines with 5 d4 and 5 d3} (6. O-O O-O 7. Re1 Ne7 8. d4 Bb6 9. a4 c6 10. dxe5 Ng4 11. Rf1 dxe5 12. Qxd8 Bxd8 13. h3 Nf6 14. Nxe5 Nxe4 15. Re1 {½-½ (42) Vachier Lagrave,M (2789)-Carlsen,M (2837) London 2017}) 6... a5 7. Bg5 h6 8. Bh4 g5 9. Bg3 O-O 10. O-O {LiveBook: 13 Games} Ba7 11. Na3 Bg4 12. Kh1 $146 ({Predecessor:} 12. h3 Bh5 13. Bh2 Qd7 14. Nc2 Kh7 15. Ne3 g4 16. hxg4 Nxg4 {½-½ (26) Cvak,R (2337)-Mislin,R (2304) ICCF email 2017}) 12... Kg7 13. Nc2 d5 14. exd5 Nxd5 15. d4 exd4 16. cxd4 Nce7 17. Ne3 Nxe3 (17... Bh5 $11) 18. fxe3 $16 Nf5 19. Qb3 {aiming for Ne5.} f6 {[#]} 20. Rae1 ({Better is} 20. Ne5 $1 $16 {[%cal Re5g4]} Nxg3+ 21. hxg3 fxe5 22. Rxf8 Qxf8 23. Qxb7) 20... Nxg3+ $11 21. hxg3 Bb6 22. Nd2 {[%cal Bf3d2,Bd2e4,Be4g3,Bg3f5][%mdl 32]} h5 23. Bd3 h4 24. gxh4 {Black must now prevent Kg1.} Rh8 25. Kg1 {Strongly threatening hxg5.} Rxh4 26. Ne4 Rh6 27. Bb1 Qe7 28. Ng3 Qd6 29. Rf3 (29. Kf2 $11) 29... Kh8 $36 {[%mdl 2048] Black has some pressure.} 30. Nf5 Qh2+ 31. Kf2 Bxf3 32. Kxf3 {[#]} g4+ $1 {[%cal Bg5g4,Bg4g3][%mdl 32]} 33. Kf2 {[#]} (33. Kxg4 Rg6+) 33... g3+ $1 34. Kf3 (34. Nxg3 Rg8) 34... Rh7 $1 35. Qe6 Qh5+ 36. Kxg3 $2 {[%mdl 8192] [#]} (36. Kf4 $17 Rf8 37. Be4) 36... Rg8+ $1 $19 37. Kf2 {[#]} Rxg2+ $1 {[%mdl 512] Precision: White = 47%, Black = 44%.} 0-1

[Event "US-ch Open 2018"]
[Site "Saint Louis"]
[Date "2018.04.29"]
[Round "11"]
[White "Izoria, Zviad"]
[Black "Lenderman, Aleksandr"]
[Result "1/2-1/2"]
[WhiteElo "2599"]
[BlackElo "2599"]
[Annotator "TA"]
[PlyCount "60"]
[EventDate "2018.??.??"]
[EventType "tourn"]
[EventCountry "USA"]
[SourceTitle "playchess.com"]
[Source "ChessBase"]
[SourceQuality "1"]

{[%evp 16,60,8,0,1,0,18,7,7,14,14,1,14,10,7,5,5,10,7,5,9,0,0,0,2,8,18,18,18,18,31,8,10,10,14,15,19,16,17,16,17,24,21,20,53,48,72]} 1. e4 e5 2. Nf3 Nf6 3. d4 Nxe4 4. Bd3 Nc6 5. d5 Nf6 (5... Nc5 6. dxc6 e4 7. cxb7 Bxb7 8. Be2 exf3 9. Bxf3 Bxf3 10. Qxf3 Bd6 11. Bg5 Qb8 12. Nc3 Ne6 13. h4 c6 14. O-O-O O-O 15. Kb1 a5 {0-1 (34) Mamedyarov,S (2660)-Bruzon Batista,L (2637) Pamplona 2004}) 6. dxc6 {C43: Petroff Defence: 3 d4} e4 7. cxb7 Bxb7 8. Be2 exf3 9. Bxf3 {LiveBook: 5 Games} Bxf3 10. Qxf3 Be7 11. O-O O-O 12. b3 d5 $146 ({Predecessor:} 12... d6 13. Bb2 {0-1 (63) Ibrahim,I (2082)-Aryanejad,H (2288) Abu Dhabi 2005}) 13. Bb2 c6 14. Nd2 Nd7 15. Rfe1 Bf6 16. Bxf6 Nxf6 17. Qc3 Qd6 18. Re2 Rfe8 19. Rae1 Rxe2 20. Rxe2 a5 21. a4 h6 22. g3 c5 23. Qd3 Qc7 24. Nb1 c4 25. bxc4 dxc4 26. Qf3 Rb8 27. Nc3 Qc5 28. Kg2 Rd8 29. h3 Kf8 30. Re1 Kg8 {Precision: White = 69%, Black = 54%.} 1/2-1/2